000 01176nam a22002657a 4500
005 20240305165521.0
007 cr|||| ||||
008 190517s2019 mx |||||s|||| 00||0 spa d
020 _a978-607-629-380-5
035 _a23377
040 _avLex
090 _c8738
_d8738
100 1 _aPérez Chávez, José
245 1 0 _aPagos provisionales de ISR y pagos definitivos de IVA (Personas Morales)
_h[Recurso electrónico] /
_cJosé Pérez Chávez, Raymundo Fol Olguín
256 _aServicio en línea
260 _aCiudad de México:
_bTax Editores,
_c2019
300 _a1 recurso electrónico
500 _a220 páginas.
506 1 _aDisponible solo en los productos indicados
_dvLex Global
_dvLex Global (Academic Edition, excluding Law Schools)
_dvLex Global (U.S. Academic Edition, Law Schools)
_dvLex Global (U.S. Academic Edition, excluding Law Schools)
_dvLex Global (Academic Edition, Law Schools)
650 0 4 _aDerecho Tributario
_zMéxico
700 1 _aFol Olguín, Raymundo
740 0 _avLex Libros (Servicio en línea)
856 4 0 _uhttps://app.vlex.com/#/sources/pagos-provisionales-isr-pagos-definitivos-iva-personas-morales-23377
942 _cRAA
999 _c166975
_d166975